书目信息 |
| 题名: |
中国老房子之谜
|
|
| 作者: | 聂鑫森, 著 | |
| 分册: | ||
| 出版信息: | 北京 新华出版社 2007.03 |
|
| 页数: | 241页 | |
| 开本: | 22cm | |
| 丛书名: | 老夫说老丛书 | |
| 单 册: | ||
| 中图分类: | TU-092 | |
| 科图分类: | ||
| 主题词: | 建筑史--jian zhu shi--中国--史料 | |
| 电子资源: | ||
| ISBN: | 978-7-5011-7826-1 | |
| 000 | 00904nam 2200241 450 | |
| 001 | 297522 | |
| 005 | 20111226112531.25 | |
| 010 | @a978-7-5011-7826-1@dCNY33.00 | |
| 100 | @a20070901d2007 km y0chiy0120 ea | |
| 101 | 0 | @achi |
| 102 | @aCN@b110000 | |
| 105 | @aa z 000yy | |
| 200 | 1 | @a中国老房子之谜@Azhong guo lao fang zi zhi mi@f聂鑫森著@Fnie xin sen zhu |
| 210 | @a北京@c新华出版社@d2007.03 | |
| 215 | @a241页@c图@d22cm | |
| 225 | 2 | @a老夫说老丛书@Alao fu shuo lao cong shu |
| 330 | @a本书介绍了传统建筑中的亭、台、楼、阁等经典形态,追溯它们的历史渊源、文化特征、建筑样式;并介绍了全国许多历史文化重地的名人故居,探寻历代名人的文化传承、人生际遇及最终归宿,引用多方史料,加以评点臧否。 | |
| 410 | 0 | @12001 @a老夫说老丛书 |
| 606 | 0 | @a建筑史@Ajian zhu shi@y中国@j史料 |
| 690 | @aTU-092@v4 | |
| 701 | 0 | @a聂鑫森,@Anie xin sen@f1948- @4著 |
| 801 | 0 | @aCN@c20111226 |
| 905 | @dTU-092@eN586@f3 | |
| 中国老房子之谜/聂鑫森著.-北京:新华出版社,2007.03 |
| 241页:图;22cm.-(老夫说老丛书) |
| ISBN 978-7-5011-7826-1:CNY33.00 |
| 本书介绍了传统建筑中的亭、台、楼、阁等经典形态,追溯它们的历史渊源、文化特征、建筑样式;并介绍了全国许多历史文化重地的名人故居,探寻历代名人的文化传承、人生际遇及最终归宿,引用多方史料,加以评点臧否。 |
| ● |
| 相关链接 |
|
|
|
正题名:中国老房子之谜
索取号:TU-092/N586
 
预约/预借
| 序号 | 登录号 | 条形码 | 馆藏地/架位号 | 状态 | 备注 |
| 1 | 1068663 | 210686630 | 建筑库101/101建筑库 5排3列2层/ [索取号:TU-092/N586] | 在馆 | |
| 2 | 1068664 | 210686649 | 建筑库101/101建筑库 5排3列2层/ [索取号:TU-092/N586] | 在馆 | |
| 3 | 1068665 | 210686658 | 建筑库101/101建筑库 5排3列2层/ [索取号:TU-092/N586] | 在馆 |